| 000 | 00908cam a2200289 a 4500 | ||
|---|---|---|---|
| 005 | 20260322212057.0 | ||
| 008 | data | ||
| 010 | _a 96016137 | ||
| 020 | _a0446520829 | ||
| 020 | _a9780446520829 | ||
| 040 |
_aDLC _cDLC _dDLC _dOCoLC _dDLC |
||
| 042 | _alcac | ||
| 050 | 0 | 0 |
_aPR9120.9.S65 _bM6 1996 |
| 082 | 0 | 0 |
_aFic _aFic _220 |
| 092 | _a823 S65 1996 | ||
| 100 | 1 | _aSnow, Jonathan. | |
| 245 | 1 | 4 |
_aThe most beautiful gift / _cJonathan Snow. |
| 260 |
_aNew York : _bWarner Books, _cc1996. |
||
| 300 |
_a87 p. ; _c19 cm. |
||
| 520 | _aEnraptured when he sees his first snowflake just before Christmas, Mark, a seven-year-old boy living in Italy, searches for just the right person to give the treasure he has saved. | ||
| 650 | 0 | _aChristmas stories. | |
| 650 | 0 |
_aSnowflakes _xFiction. |
|
| 650 | 1 |
_aChristmas _xFiction. |
|
| 650 | 1 |
_aSnow _xFiction. |
|
| 650 | 1 |
_aGrandfathers _xFiction. |
|
| 001 | data | ||
| 999 |
_c1352 _d1352 |
||